| 000 | 00715nam a22002417a 4500 | ||
|---|---|---|---|
| 001 | 21069 | ||
| 003 | UA-OsUOA | ||
| 005 | 20210721094609.0 | ||
| 007 | ta | ||
| 008 | 20031113b un ||||| |||| 00| 0 ukr d | ||
| 040 |
_aUA-OsUOA _bukr _cUA-OsUOA _dUA-OsUOA |
||
| 041 | _aukr | ||
| 044 | _aUA | ||
| 080 | _a94(47+57)"1941/1945" | ||
| 090 |
_a94(47+57)"1941/1945" _bВ29 |
||
| 245 |
_aВенок славы: в 12 томах _cН. В. Свиридов, М. Н. Алексеев, Ю. В. Бондарев, Г. М. Гусев |
||
| 260 |
_aМосква _bСовременник _c1984 |
||
| 300 | _a606 с. | ||
| 505 |
_gТ. 3 _tПодвиг Ленинграда |
||
| 650 | 7 | _2UDC | |
| 942 |
_cBK _2udc |
||
| 955 | _a0 | ||
| 999 |
_c307262 _d307262 |
||